Women's access to technology : (Record no. 103575)

MARC details
000 -LEADER
campo de control de longitud fija 01354cam a2200397 a 4500
001 - NÚMERO DE CONTROL
campo de control 37155
005 - FECHA Y HORA DE LA ÚLTIMA TRANSACCIÓN
campo de control 20230410143536.0
008 - DATOS DE LONGITUD FIJA--INFORMACIÓN GENERAL
campo de control de longitud fija 920507s1990 dr b i000 0 eng d
035 ## - NÚMERO DE CONTROL DEL SISTEMA
-- (DLC) 97121008
035 ## - NÚMERO DE CONTROL DEL SISTEMA
Número de control de sistema 714198
010 ## - NÚMERO DE CONTROL DE LA BIBLIOTECA DEL CONGRESO
Número de control de LC 97121008
035 ## - NÚMERO DE CONTROL DEL SISTEMA
Número de control de sistema (OCoLC)25777388
040 ## - FUENTE DE CATALOGACIÓN
Centro catalogador/agencia de origen CFlS
Centro/agencia transcriptor CFlS
Centro/agencia modificador DLC
041 ## - CÓDIGO DE IDIOMA
Código de lengua del texto/banda sonora o título independiente eng
042 ## - CÓDIGO DE AUTENTICACIÓN
Código de autenticación lccopycat
043 ## - CÓDIGO DE ÁREA GEOGRÁFICA
Código de área geográfica d------
050 14 - SIGNATURA TOPOGRÁFICA DE LA BIBLIOTECA DEL CONGRESO
Número de clasificación T 36
Número de ítem A286w 1990
100 2# - ENTRADA PRINCIPAL--NOMBRE DE PERSONA
Nombre de persona Ahooja-Patel, Krishna.
245 00 - MENCIÓN DEL TÍTULO
Título Women's access to technology :
Resto del título myths and realities.
260 ## - PUBLICACIÓN, DISTRIBUCIÓN, ETC.
Lugar de publicación, distribución, etc. Santo Domingo [Dominican Republic] :
Nombre del editor, distribuidor, etc. INSTRAW,
Fecha de publicación, distribución, etc. [1990]
300 ## - DESCRIPCIÓN FÍSICA
Extensión 62 p. ;
Dimensiones 27 cm.
490 1# - MENCIÓN DE SERIE
Mención de serie Research paper series
500 ## - NOTA GENERAL
Nota general By Krishna Ahooja-Patel, Susan C. Bourque and Kay B. Warren.
500 ## - NOTA GENERAL
Nota general "INSTRAW/SER.B/42."
504 ## - NOTA DE BIBLIOGRAFÍA, ETC.
Nota de bibliografía, etc. Includes bibliographical references.
650 #0 - PUNTO DE ACCESO ADICIONAL DE MATERIA--TÉRMINO DE MATERIA
Término de materia o nombre geográfico como elemento de entrada Women in technology.
650 #0 - PUNTO DE ACCESO ADICIONAL DE MATERIA--TÉRMINO DE MATERIA
Término de materia o nombre geográfico como elemento de entrada Women in technology
Subdivisión geográfica Developing countries.
650 #0 - PUNTO DE ACCESO ADICIONAL DE MATERIA--TÉRMINO DE MATERIA
Término de materia o nombre geográfico como elemento de entrada Women in development.
650 #0 - PUNTO DE ACCESO ADICIONAL DE MATERIA--TÉRMINO DE MATERIA
Término de materia o nombre geográfico como elemento de entrada Women in development
Subdivisión geográfica Developing countries.
700 1# - ENTRADA AGREGADA--NOMBRE PERSONAL
Nombre de persona Bourque, Susan Carolyn,
Fechas asociadas al nombre 1943-
700 1# - ENTRADA AGREGADA--NOMBRE PERSONAL
Nombre de persona Warren, Kay B.,
Fechas asociadas al nombre 1947-
710 2# - ENTRADA AGREGADA--NOMBRE DE ENTIDAD CORPORATIVA
Nombre de entidad corporativa o nombre de jurisdicción como elemento de entrada International Research and Training Institute for the Advancement of Women.
830 #0 - PUNTO DE ACCESO ADICIONAL DE SERIE-TÍTULO UNIFORME
Título uniforme Research paper series (International Research and Training Institute for the Advancement of Women)
942 ## - ELEMENTOS DE ENTRADA SECUNDARIOS (KOHA)
Fuente del sistema de clasificación o colocación Clasificación de Library of Congress
Tipo de ítem Koha
922 ## -
-- ax
Holdings
Estatus retirado Estado de pérdida Fuente del sistema de clasificación o colocación Estado de daño No para préstamo Colección Biblioteca de origen Biblioteca actual Ubicación en estantería Fecha de adquisición Signatura topográfica completa Código de barras Visto por última vez Copia número Tipo de ítem Koha
    Clasificación de Library of Congress     Colección de Tecnología Biblioteca Juan Bosch Biblioteca Juan Bosch Humanidades (4to. Piso) 10/04/2023 T 36 A286w 1990 00000038376 21/01/2019 1